00290nam a2200121 a 45000010005000000030003000050050017000080080041000250500019000660820018000851000019001032450046001224140MO20250510124441.0090218s19uu xx 00 eng d aFicbRo79 1999 aFicbR79 1999 aRowling, J. K. aHarry Potter and the prisoner of Azkaban.